01488 2200277 4500001002100000005001500021035002000036007000300056008004100059020002200100082000800122084001500130100002400145245013100169300003500300650002100335700003400356700003400390520063900424520002301063264003401086336002101120337003001141338002301171990001601194INLIS00000000004387420211223021348 a0010-1221000094ta211223 g 0 ind  a978-623-346-185-6 a307 aSR 307 CEN0 aSri Hartati Samhadi1 aCendekiawan dan pandemi covid-19 :bkronik opini pilihan kompas 1 /cSri Hartati Samhadi, Agnes Aristiarini, Yohanes Krisnawan axiv, 342 halaman :b- ;c23 cm 4aKehidupan sosial0 aAgnes Aristiariniepenyunting0 aYohanes Krisnawanepenyunting aManusia tak bisa berjuang sendiri-sendiri dalam menghadapi pandemi ini. Covid-19 adalah masalah seluruh umat manusia, tanpa kecuali. Segenap kemampuan dan keahlian perlu disatukan untuk mencari jalan bagi proses penyelamatan kehidupan bersama. Bunga rampai artikel opini pilihan Kompas ini merekam jejak pemikiran para cendekiawan dari berbagai latar belakang keilmuan dan kompetensi, melukiskan semangat gotong royong dalam mengatasi pandemi. Buku ini disusun secara kronologis sebagai suatu kronik atau catatan “peristiwa” berupa pendapat, penjelasan, analisis ilmiah populer dari para ahli atas fenomena aktual di masa pandemi. aIndeks halaman 333 aJakarta :bBuku Kompas,c2021 2rdacontentateks 2rdamediaatanpa perantara 2rdacarrieravolume a48830.61650